Precios y submercados de vivienda en Bogotá 1980-1997 / (Registro nro. 12473)

Detalles MARC
000 -LEADER
fixed length control field 00979nam a2200241Ia 4500
003 - CONTROL NUMBER IDENTIFIER
control field OSt
005 - DATE AND TIME OF LATEST TRANSACTION
control field 20210920101125.0
008 - FIXED-LENGTH DATA ELEMENTS--GENERAL INFORMATION
fixed length control field 210310s1998 ck ad gr 000 0 spa d
040 ## - CATALOGING SOURCE
Original cataloging agency CO-JMCR
Transcribing agency CO-JMCR
041 0# - LANGUAGE CODE
Language code of text/sound track or separate title spa
082 04 - DEWEY DECIMAL CLASSIFICATION NUMBER
Classification number 333.3323 /
Item number J371p
Edition number 23
100 1# - MAIN ENTRY--PERSONAL NAME
Personal name Jaramillo, Samuel,
Relator term autor
9 (RLIN) 28334
245 #0 - TITLE STATEMENT
Title Precios y submercados de vivienda en Bogotá 1980-1997 /
Statement of responsibility, etc. Samuel Jaramillo, Adriana Parias D.
260 ## - PUBLICATION, DISTRIBUTION, ETC.
Place of publication, distribution, etc. Bogotá :
Name of publisher, distributor, etc. Universidad de los Andes. Centro de Estudios sobre Desarrollo Económico,
Date of publication, distribution, etc. 1998.
300 ## - PHYSICAL DESCRIPTION
Extent 130 páginas :
Other physical details ilustraciones y gráficas en blanco y negro ;
Dimensions 28 cm.
490 0# - SERIES STATEMENT
Series statement Documentos Cede ;
Volume/sequential designation 28
650 14 - SUBJECT ADDED ENTRY--TOPICAL TERM
Topical term or geographic name entry element Arrendamiento
Form subdivision Aspectos económicos
Geographic subdivision Colombia
9 (RLIN) 40631
650 24 - SUBJECT ADDED ENTRY--TOPICAL TERM
Topical term or geographic name entry element Mercado de la vivienda
Form subdivision 1980-1997.
Geographic subdivision Bogotá (Colombia)
9 (RLIN) 40632
650 24 - SUBJECT ADDED ENTRY--TOPICAL TERM
Topical term or geographic name entry element Índice de precios al consumidor
Geographic subdivision Colombia.
9 (RLIN) 40633
650 24 - SUBJECT ADDED ENTRY--TOPICAL TERM
Topical term or geographic name entry element Rentabilidad
Geographic subdivision Colombia.
9 (RLIN) 40634
700 1# - ADDED ENTRY--PERSONAL NAME
Personal name Parias D., Adriana,
Relator term autora
9 (RLIN) 40635
942 ## - ADDED ENTRY ELEMENTS (KOHA)
Source of classification or shelving scheme Dewey Decimal Classification
Koha item type Books
Existencias
Withdrawn status Lost status Source of classification or shelving scheme Damaged status Not for loan Home library Current library Shelving location Date acquired Source of acquisition Full call number Barcode Date last seen Copy number Price effective from Koha item type
    Dewey Decimal Classification     Biblioteca Pública José María del Castillo y Rada Biblioteca Pública José María del Castillo y Rada General Stacks 04/15/2018 Donación 333.3323 / J371p 430005458 05/16/2024 Ej.1 03/10/2021 Books